Steven Universe - Full Disclosure - Lyrics Quiz - Statistics

General Stats
  • This quiz has been taken 18 times
  • The average score is 125 of 139
Answer Stats
Character Lyrics % Correct
a
100%
am
100%
be
100%
better
100%
do
100%
do?
100%
don't
100%
going
100%
have
100%
I
100%
knowing
100%
me
100%
not
100%
of
100%
off
100%
tell
100%
the
100%
to
100%
trouble
100%
want
100%
What
100%
what
100%
Woooh...
100%
worry
100%
you
100%
you?
100%
You
100%
You're
100%
been
89%
believe
89%
dangerous
89%
didn't
89%
for
89%
Gem
89%
guess
89%
I'm
89%
in,
89%
it
89%
just
89%
need
89%
now
89%
part
89%
stuff's
89%
that
89%
this
89%
told
89%
until
89%
about
78%
About
78%
Steven Universe Everybody
78%
is
78%
I've
78%
life
78%
protect
78%
seen,
78%
think
78%
where
78%
And
67%
and
67%
Earth,
67%
get
67%
hurt
67%
if
67%
means
67%
On
67%
planet
67%
precious
67%
somehow
67%
tells
67%
always
56%
Dad
56%
seemed
56%
apprehensive
44%
freaking
44%
he's
44%
out
44%
really
44%
No matching quizzes found
Score Distribution
Percent of People with Each Score
Percentile by Number Answered
Your Score History
You have not taken this quiz